| 000 | 03366cam a2200325 i 4500 | ||
|---|---|---|---|
| 001 | 991107602286306196 | ||
| 005 | 20260304103636.0 | ||
| 008 | 250107t20252025enkab 001 0 eng d | ||
| 015 |
_aGBC531889 _2bnb |
||
| 020 |
_a9781399412162 _qhardcover |
||
| 024 | 8 | _aCIPO000205981 | |
| 029 | 0 |
_aUKMGB _b300534357 |
|
| 035 |
_a(OCoLC)1518028287 _z(OCoLC)1513217985 |
||
| 035 | _a(OCoLC)on1518028287 | ||
| 040 |
_aUKMGB _beng _erda _cUKMGB _dOCLCO _dBDX _dYDX _dOCLCO |
||
| 041 | _aEnglish | ||
| 050 | 4 |
_aQH548 _b.P38 2025 |
|
| 100 |
_aPavelle, Sophie, _eauthor. _926750 |
||
| 245 | 1 | 0 |
_aTo have or to hold _b: nature's hidden relationships _c/ Sophie Pavelle. |
| 264 | 1 |
_aLondon, UK ; _aNew York : _bBloomsbury Wildlife, _c2025. |
|
| 264 | 4 | _c♭2025 | |
| 300 |
_a336 pages : _billustrations, map ; _c24 cm |
||
| 500 | _aIncludes index. | ||
| 505 | 0 | _aMe, The Moon — Relationship status: unrequited — + = — The Mint Sauce Worm + The Algae = Animalgae — Relationship status: rather not say — Misfits — The Ocean Sunfish (and Others) — Relationship status: friends with benefits — The Trojan Horse — The Shore Crab and The Barnacle — Relationship status: just seeing each other — A Cad and A Bounder — The Early Spider Orchid and The Buffish Mining Bee — Relationship status: it's complicated — All Rise — The Hair Worm and [insert host here] — Relationship status: unhinged — Killing Me Softly — The Aspen, The Aspen Bracket Fungus and The Aspen Hoverfly — Relationship status: situationship — The Sleeper Agent — The Lungwort Lichen — Relationship status: throuple — Terms & Conditions — The Colony (of the Narrow-Headed Ant) — Relationship status: frenemies — EPILOGUE — The One-hit Wonder? — Relationship status: working on it. | |
| 520 | _aA thrilling exploration of nature's symbiotic relationships, some comforting and familiar, others wildly alien, by the award-winning author of Forget Me Not. What can nature teach us about living together? Investigating eight symbiotic relationships trying to survive the climate and biodiversity crises, Sophie Pavelle explains why it has never been more vital for us to understand symbiosis. Symbiotic relationships regulate ecosystems, strengthen resilience and bind pivotal connections. Species living together in symbiosis is no accident - these dynamics evolved. Species form and sever alliances everywhere, from deep within temperate rainforests to the open ocean, quiet tidal pools or chalk grasslands, and nature thrives on relationships as glamorous as they are grotesque and as bizarre as they are engrossing. In To Have or To Hold, Sophie relishes the interconnectedness between species and celebrates the relationships that underpin natural environments. Low-carbon travelling around the British Isles, she presents nature's frauds, fortune-tellers, misfits and cheaters. The natural world is built on parasitism, a cunning blend of bargaining and exploitation in the name of survival. In our relationship with the natural world, are we the parasites? Will we continue to exploit nature's resources? Or will we vow to love and cherish what remains - shaping a more restorative life alongside nature - till death us do part? | ||
| 650 | 0 |
_aSymbiosis. _926751 |
|
| 650 | 0 |
_aHuman ecology _923288 |
|
| 650 | 0 |
_aClimatic changes _914247 |
|
| 942 | _2lcc | ||
| 999 |
_c5366 _d5366 |
||